Briefing Paper Series :Emerging trends in the negotiations under WTO: pertinent issues of concern to African countries, emerging issues pertinent to African agriculture under WTO negotiations (Record no. 41746)

MARC details
000 -LEADER
fixed length control field 01169nam a2200265 a 4500
003 - CONTROL NUMBER IDENTIFIER
control field CBULib
005 - DATE AND TIME OF LATEST TRANSACTION
control field 20231127082948.0
008 - FIXED-LENGTH DATA ELEMENTS--GENERAL INFORMATION
fixed length control field 131028s2001 ||||||||||||||||| || u
040 ## - CATALOGING SOURCE
Original cataloging agency CBULib
Language of cataloging eng
Transcribing agency CBULib
Modifying agency CBULib
Description conventions rda
050 ## - LIBRARY OF CONGRESS CALL NUMBER
Classification number UNECA(08)BPS/2001/08A
110 ## - MAIN ENTRY--CORPORATE NAME
Corporate name or jurisdiction name as entry element United Nations Economic Commission For Africa(UNECA)
245 10 - TITLE STATEMENT
Title Briefing Paper Series :Emerging trends in the negotiations under WTO: pertinent issues of concern to African countries, emerging issues pertinent to African agriculture under WTO negotiations
Statement of responsibility, etc by United Nations Economic Commission for Africa [UNECA]
260 ## - PUBLICATION, DISTRIBUTION, ETC. (IMPRINT)
Place of publication, distribution, etc Addis Ababa :
Name of publisher, distributor, etc UNITED NATIONS ECONOMIC COMMISSION FOR AFRICA(UNECA),
Date of publication, distribution, etc 2001.
300 ## - PHYSICAL DESCRIPTION
Extent iii, 49 pages.: illustrations
336 ## - CONTENT TYPE
Source rdacontent
Content type term Text |
Content type code txt
337 ## - MEDIA TYPE
Source rdamedia
Media type term Unmediated |
Media type code c
338 ## - CARRIER TYPE
Source rdacarrier
Carrier type term Volume
Carrier type code nc
490 ## - SERIES STATEMENT
Series statement Briefing papers series
490 ## - SERIES STATEMENT
Volume number/sequential designation No. 8
500 ## - GENERAL NOTE
General note Bibliography
650 ## - SUBJECT ADDED ENTRY--TOPICAL TERM
Topical term or geographic name as entry element WORLD TRADE ORGANIZATION (WTO) AGREEMENTS--AGRICULTURE--AFRICA
650 ## - SUBJECT ADDED ENTRY--TOPICAL TERM
Topical term or geographic name as entry element WORLD TRADE ORGANIZATION AGREEMENTS ON AGRICULTURE
942 ## - ADDED ENTRY ELEMENTS (KOHA)
Source of classification or shelving scheme
Koha item type INTERNATIONAL PUBLICATIONS
Holdings
Withdrawn status Lost status Source of classification or shelving scheme Damaged status Not for loan Collection code Permanent Location Current Location Shelving location Date acquired Source of acquisition Full call number Barcode Date last seen Price effective from Koha item type Copy number
          Special Collections CBU-MAIN LIBRARY, KITWE. CBU-MAIN LIBRARY, KITWE. Special Collections 11/30/2022 DEP-UNECA UNECA(08)BPS/2001/08A B1084 11/30/2022 11/30/2022 INTERNATIONAL PUBLICATIONS  
          Special Collections CBU-MAIN LIBRARY, KITWE. CBU-MAIN LIBRARY, KITWE. Special Collections 11/27/2023 DEP-UNI UNECA(08)BPS/2001/08B 45881 11/27/2023 11/27/2023 INTERNATIONAL PUBLICATIONS 2